Library Banner

Cognition and emotion (Record no. 86193)

MARC details
000 -LEADER
fixed length control field 00532nam a2200205Ia 4500
001 - CONTROL NUMBER
control field 73084
008 - FIXED-LENGTH DATA ELEMENTS--GENERAL INFORMATION
fixed length control field 160622s9999||||xx |||||||||||||| ||und||
020 ## - INTERNATIONAL STANDARD BOOK NUMBER
International Standard Book Number 9781848722682
040 ## - CATALOGING SOURCE
Transcribing agency PK-LaUMT
082 ## - DEWEY DECIMAL CLASSIFICATION NUMBER
Classification number 152.4
Item number POW-C
100 ## - MAIN ENTRY--PERSONAL NAME
Personal name Power, Mick
245 ## - TITLE STATEMENT
Title Cognition and emotion
Remainder of title from order to disorder/
Statement of responsibility, etc Power, Mick|Dalgleish, Tim
250 ## - EDITION STATEMENT
Edition statement 3rd
260 ## - PUBLICATION, DISTRIBUTION, ETC. (IMPRINT)
Place of publication, distribution, etc London,UK:
Name of publisher, distributor, etc Psychology Press,
Date of publication, distribution, etc 2016
300 ## - PHYSICAL DESCRIPTION
Extent 460 p.
546 ## - LANGUAGE NOTE
Language note EN
650 ## - SUBJECT ADDED ENTRY--TOPICAL TERM
Topical term or geographic name as entry element Emotion and cognition
700 ## - ADDED ENTRY--PERSONAL NAME
Personal name Dalgleish, Tim
942 ## - ADDED ENTRY ELEMENTS (KOHA)
Koha item type Books
Holdings
Withdrawn status Lost status Damaged status Not for loan Home library Current library Date acquired Total Checkouts Total Renewals Full call number Barcode Date last seen Date checked out Price effective from Koha item type
        UMT Main Campus UMT Main Campus 2016-06-21 4 1 152.4 POW-C 100100 2019-11-30 2019-11-19 2016-06-22 Books